[Event "La Florida CupT 23rd"]
[Site "La Florida"]
[Date "2023.07.15"]
[Round "1.4"]
[White "Rodriguez Rodrigues, Daniel Isaac"]
[Black "Petit, Cesar Alexander"]
[Result "0-1"]
[WhiteElo "1477"]
[BlackElo "1741"]
[PlyCount "50"]
[EventDate "2023.07.15"]
[EventType "team-swiss"]
[EventRounds "5"]
[EventCountry "VEN"]
[SourceTitle "EXT 2024"]
[Source "ChessBase"]
[SourceDate "2023.10.10"]
[SourceVersion "1"]
[SourceVersionDate "2023.10.10"]
[SourceQuality "1"]
[WhiteTeam "Caballos de Caicssa"]
[BlackTeam "Simple Ches Regenerated"]
[WhiteTeamCountry "VEN"]
[BlackTeamCountry "VEN"]

1. c4 c5 2. Nc3 Nc6 3. g3 g6 4. Bg2 Bg7 5. Nf3 e6 6. e3 Nge7 7. 0-0 0-0 8. d4 cxd4 9. Nxd4 Nxd4 10. exd4 d5 11. cxd5 Nxd5 12. Nxd5 exd5 13. Qb3 Bxd4 14. Qxd5 Qb6 15. Qb3 Qxb3 16. axb3 Be6 17. Bxb7 Rab8 18. Bg2 Rxb3 19. Ra4 Bb6 20. Re1 Rc8 21. Rae4 Rc2 22. R4e2 Rxe2 23. Rxe2 Bd4 24. h3 Rxg3 25. Kh2 Rb3 0-1

[Event "Amistad Hybrid U2400"]
[Site "Tornelo INT"]
[Date "2022.01.14"]
[Round "5.2"]
[White "Hernandez Fermin, Isaac Alejandro"]
[Black "Petit, Cesar Alexander"]
[Result "1-0"]
[WhiteElo "1850"]
[BlackElo "1803"]
[PlyCount "49"]
[EventDate "2022.01.14"]
[EventType "tourn"]
[EventRounds "6"]
[EventCountry "VEN"]
[SourceTitle "EXT 2023"]
[Source "ChessBase"]
[SourceDate "2022.10.05"]
[SourceVersion "1"]
[SourceVersionDate "2022.10.05"]
[SourceQuality "1"]

1. e4 e6 2. d4 d5 3. Nd2 c5 4. Ngf3 Nf6 5. exd5 exd5 6. Bb5+ Nbd7 7. 0-0 Be7 8. dxc5 Bxc5 9. Re1+ Kf8 10. Nb3 Bd6 11. c4 Bb4 12. Bd2 Bxd2 13. Qxd2 dxc4 14. Bxc4 Qb6 15. Qe2 Qd8 16. Ng5 Nb6 17. Rad1 Qc7 18. Bxf7 Bg4 19. Qd2 Qxf7 20. Qd6+ Kg8 21. Nxf7 Kxf7 22. f3 Bd7 23. Re7+ Kg6 24. Qg3+ Kh5 25. Rxg7 1-0

[Event "Amistad Hybrid U2400"]
[Site "Tornelo INT"]
[Date "2022.01.14"]
[Round "6.1"]
[White "Petit, Cesar Alexander"]
[Black "Gonzalo Garate, Luis Valentino"]
[Result "0-1"]
[WhiteElo "1803"]
[BlackElo "1538"]
[PlyCount "54"]
[EventDate "2022.01.14"]
[EventType "tourn"]
[EventRounds "6"]
[EventCountry "VEN"]
[SourceTitle "EXT 2023"]
[Source "ChessBase"]
[SourceDate "2022.10.05"]
[SourceVersion "1"]
[SourceVersionDate "2022.10.05"]
[SourceQuality "1"]

1. d4 Nf6 2. c4 e6 3. Nc3 d5 4. Bg5 Be7 5. Nf3 0-0 6. e3 b6 7. cxd5 Nxd5 8. Nxd5 exd5 9. Bf4 Bb7 10. Rc1 c5 11. Bd3 Nd7 12. 0-0 Bf6 13. Bb1 Re8 14. g4 Rc8 15. Qd3 g6 16. g5 Bg7 17. h4 Nf8 18. Kg2 Qd7 19. Rh1 cxd4 20. exd4 Qg4+ 21. Bg3 Ne6 22. Qe3 Nxd4 23. Rxc8 Qxc8 24. Rc1 Qa8 25. Ne5 Nf5 26. Qe1 Nxg3 27. Kxg3 Bxe5+ 0-1

[Event "Caracas FVA 80th Ann"]
[Site "Caracas"]
[Date "2015.12.20"]
[Round "7"]
[White "Petit, Cesar Alexander"]
[Black "Graterol Burgos, Greys Carolina"]
[Result "1-0"]
[WhiteElo "1832"]
[BlackElo "1603"]
[PlyCount "105"]
[EventDate "2015.12.16"]
[EventType "swiss"]
[EventRounds "8"]
[EventCountry "VEN"]
[SourceTitle "EXT 2018"]
[Source "ChessBase"]
[SourceDate "2017.10.13"]
[SourceVersion "1"]
[SourceVersionDate "2017.10.13"]
[SourceQuality "1"]

1. d4 Nf6 2. c4 c5 3. d5 b5 4. cxb5 a6 5. b6 Qxb6 6. Nc3 d6 7. Nf3 g6 8. Nd2 Bg7 9. e4 Nbd7 10. Nc4 Qc7 11. a4 Nb6 12. Na3 0-0 13. a5 Nbd7 14. Nc4 Rb8 15. Bd3 Re8 16. Bc2 Bf8 17. 0-0 Bb7 18. Ba4 Red8 19. Bf4 Ne5 20. Bxe5 dxe5 21. Qf3 Bg7 22. Rfd1 Bc8 23. h3 Bd7 24. Qe3 Rb4 25. Bxd7 Nxd7 26. Qd3 Rdb8 27. d6 exd6 28. Nd5 Qa7 29. Nxb4 Rxb4 30. Rac1 Bf8 31. Rc3 Qb8 32. b3 Nf6 33. Qf3 Ne8 34. Nb6 Qb7 35. Nd5 Rb5 36. Ra1 Kh8 37. Ra4 Bg7 38. b4 f5 39. bxc5 dxc5 40. Rac4 fxe4 41. Qxe4 Nd6 42. Qh4 Qd7 43. Rxc5 Rb1+ 44. Kh2 Rb8 45. Nf6 Bxf6 46. Qxf6+ Kg8 47. Rc7 Ne8 48. Qxe5 Qd6 49. Qxd6 Nxd6 50. R3c6 Ne4 51. Rc8+ Rxc8 52. Rxc8+ Kg7 53. Rc6 1-0

[Event "Caracas FVA 80th Ann"]
[Site "Caracas"]
[Date "2015.12.20"]
[Round "8"]
[White "Suarez, Richard"]
[Black "Petit, Cesar Alexander"]
[Result "1-0"]
[WhiteElo "1977"]
[BlackElo "1832"]
[PlyCount "71"]
[EventDate "2015.12.16"]
[EventType "swiss"]
[EventRounds "8"]
[EventCountry "VEN"]
[SourceTitle "EXT 2018"]
[Source "ChessBase"]
[SourceDate "2017.10.13"]
[SourceVersion "1"]
[SourceVersionDate "2017.10.13"]
[SourceQuality "1"]

1. d4 d5 2. c4 dxc4 3. Nf3 Nf6 4. e3 a6 5. Bxc4 e6 6. 0-0 c5 7. Bb3 Nc6 8. Qe2 cxd4 9. Rd1 Be7 10. exd4 0-0 11. Nc3 Nb4 12. Bg5 Nbd5 13. Ne5 h6 14. Bh4 Nxc3 15. bxc3 Qc7 16. Rd3 b6 17. Rg3 Ne8 18. Bxe7 Qxe7 19. Bc2 Nf6 20. Qd3 Bb7 21. Re1 Rfe8 22. Ree3 Qa3 23. h4 Qxa2 24. Nd7 Nxd7 25. Qh7+ Kf8 26. Rxg7 e5 27. Bg6 Bd5 28. Rf3 Ke7 29. Rfxf7+ Bxf7 30. Rxf7+ Qxf7 31. Qxf7+ Kd6 32. c4 Kc7 33. Qd5 Rg8 34. dxe5 Rxg6 35. Qxa8 Nxe5 36. Qe4 1-0

[Event "Caracas FVA 80th Ann"]
[Site "Caracas"]
[Date "2015.12.17"]
[Round "4"]
[White "Vasquez Alcala, Astrid"]
[Black "Petit, Cesar Alexander"]
[Result "1/2-1/2"]
[WhiteElo "1999"]
[BlackElo "1832"]
[PlyCount "157"]
[EventDate "2015.12.16"]
[EventType "swiss"]
[EventRounds "8"]
[EventCountry "VEN"]
[SourceTitle "EXT 2018"]
[Source "ChessBase"]
[SourceDate "2017.10.13"]
[SourceVersion "1"]
[SourceVersionDate "2017.10.13"]
[SourceQuality "1"]

1. Nf3 Nf6 2. g3 g6 3. Bg2 Bg7 4. d4 d5 5. 0-0 0-0 6. Ne5 Bf5 7. c4 c6 8. Nc3 Be6 9. cxd5 Nxd5 10. Ne4 f6 11. Nc5 Bc8 12. Ned3 b6 13. Na4 Bg4 14. h3 Be6 15. e4 Nc7 16. Nf4 Bc4 17. Re1 e5 18. dxe5 fxe5 19. Qxd8 Rxd8 20. Ne2 Ne6 21. Nac3 Nd7 22. h4 Ndc5 23. Bh3 Nd4 24. Nxd4 exd4 25. Nb1 Nd3 26. Rd1 Nxc1 27. Rxc1 Ba6 28. Nd2 d3 29. Rab1 c5 30. f4 Bd4+ 31. Kg2 Be3 32. Rd1 c4 33. Be6+ Kg7 34. Nxc4 Bc5 35. Ne5 Bb7 36. Bd5 Bxd5 37. exd5 Rxd5 38. Rxd3 Rxd3 39. Nxd3 Bd4 40. Rc1 h5 41. Rc7+ Kf6 42. Rd7 Bc5 43. Nxc5 bxc5 44. Rc7 Rd8 45. Rc6+ Kf7 46. Rxc5 Rd2+ 47. Kh3 Rxb2 48. Rc7+ Kf6 49. Rxa7 Rb1 50. a4 Ra1 51. a5 Ra2 52. Ra8 Kg7 53. Ra6 Kf7 54. Ra7+ Kf6 55. a6 Ra3 56. Kg2 Kf5 57. Kh3 Kf6 58. Ra8 Kg7 59. Kg2 Kf6 60. a7 Kg7 61. Kf2 Kh7 62. Ke2 Kg7 63. Kd2 Kh7 64. Kc2 Kg7 65. Kb2 Ra6 66. Kb3 Kh7 67. Kb4 Ra1 68. Kc5 Rc1+ 69. Kd5 Ra1 70. Kc6 Rc1+ 71. Kd7 Ra1 72. Ke8 Kg7 73. Rd8 Rxa7 74. Rd7+ Rxd7 75. Kxd7 Kf7 76. Kd8 Kf8 77. Kd7 Kf7 78. Kd8 Kf8 79. Kd7 1/2-1/2